| 000 -LEADER |
| fixed length control field |
01548nam a2200217 a 4500 |
| 003 - CONTROL NUMBER IDENTIFIER |
| control field |
AR-BaISA |
| 005 - DATE AND TIME OF LATEST TRANSACTION |
| control field |
20250526121903.0 |
| 007 - PHYSICAL DESCRIPTION FIXED FIELD--GENERAL INFORMATION |
| fixed length control field |
ta |
| 008 - FIXED-LENGTH DATA ELEMENTS--GENERAL INFORMATION |
| fixed length control field |
250526s2011 ag ||||f |||| 000 0 spa d |
| 020 ## - INTERNATIONAL STANDARD BOOK NUMBER |
| International Standard Book Number |
9789506493547 |
| 040 ## - CATALOGING SOURCE |
| Language of cataloging |
spa |
| Transcribing agency |
AR-BaISA |
| 082 04 - DEWEY DECIMAL CLASSIFICATION NUMBER |
| Edition number |
22 |
| Classification number |
615.851 5 P966 |
| 100 ## - MAIN ENTRY--PERSONAL NAME |
| 9 (RLIN) |
3731 |
| Personal name |
Pulice, Gabriel |
| Relator term |
aut. |
| 245 10 - TITLE STATEMENT |
| Title |
Fundamentos clínicos del acompañamiento terapéutico: |
| Statement of responsibility, etc. |
Gabriel Pulice |
| 260 ## - PUBLICATION, DISTRIBUTION, ETC. |
| Place of publication, distribution, etc. |
Buenos Aires: |
| Name of publisher, distributor, etc. |
Letra Viva, |
| Date of publication, distribution, etc. |
2011 |
| 300 ## - PHYSICAL DESCRIPTION |
| Extent |
218 p. |
| 505 ## - FORMATTED CONTENTS NOTE |
| Title |
EL LUGAR DEL ACOMPAÑAMIENTO TERAPÉUTICO EN LA CLÍNICA CONTEMPORÁNEA: |
| -- |
Del <>, a la situación actual del acompañamiento terapéutico en Latinoamérica -- |
| -- |
Algunas reflexiones sobre la inserción del AT en el sistema de salud mental, su responsabilidad profesional y su marco legal -- |
| -- |
CONSIDERACIONES PRELIMINARES A LA INICIACIÓN DEL ACOMPAÑAMIENTO: |
| -- |
La función del acompañante terapéutico y su inclusión en la estrategia de un tratamiento -- |
| -- |
De la historia clínica, a la formulación lógica de la posición del acompañante en la transferencia -- |
| -- |
ACERCA DE LA TÉCNICA: DESARROLLO EN LA CLÍNICA: |
| -- |
Sobre la iniciación del acompañamiento -- |
| -- |
Los paseos -- |
| -- |
La problemática de la amistad en el acompañamiento terapéutico -- |
| -- |
Consideraciones acerca del lugar del acompañante y el establecimiento del diagnóstico -- |
| -- |
La problemática de la transferencia y la orientación de la cura en la psicosis |
| 650 14 - SUBJECT ADDED ENTRY--TOPICAL TERM |
| 9 (RLIN) |
3295 |
| Topical term or geographic name entry element |
Procedimientos terapéuticos |
| 650 14 - SUBJECT ADDED ENTRY--TOPICAL TERM |
| 9 (RLIN) |
141 |
| Topical term or geographic name entry element |
Psicoanálisis |
| 942 ## - ADDED ENTRY ELEMENTS (KOHA) |
| Source of classification or shelving scheme |
|
| Koha item type |
Libros |
| Edition |
22 |